[Event "35t. Copenhagen Open (Politiken Cup)"]
[Site "Elsinore"]
[Date "2013.07.29"]
[Round "4"]
[White "Christophersen, David"]
[Black "Skjoldager, Mikael"]
[Result "0-1"]
[WhiteElo "1818"]
[BlackElo "2088"]
[PlyCount "70"]
[EventDate "2013.07.27"]
[EventType "swiss"]
[EventRounds "10"]
[EventCountry "DEN"]
[Source "ChessBase"]
[SourceDate "2013.08.26"]

1. d4 Nf6 2. c4 g6 3. Nc3 d5 4. e3 Bg7 5. Nf3 O-O 6. cxd5 Nxd5 7. Bc4 Nxc3 8.
bxc3 c5 9. O-O Nc6 10. Rb1 Qc7 11. Bb2 e6 12. Qe2 Rd8 13. Rfd1 b6 14. e4 Bb7
15. d5 exd5 16. Bxd5 Rd7 17. c4 Re8 18. Bxg7 Kxg7 19. Qb2+ f6 20. Ng5 Qe5 21.
Qxe5 fxe5 22. f4 Nd4 23. Kf2 exf4 24. Nf3 Bxd5 25. Nxd4 Rxe4 26. Nf3 Bc6 27.
Rxd7+ Bxd7 28. Rd1 Bg4 29. h3 Bf5 30. Rc1 Kf6 31. Rc3 h6 32. Nd2 Rd4 33. Nf3
Rd1 34. Ra3 Bd3 35. Rxa7 Rf1# 0-1

[Event "35t. Copenhagen Open (Politiken Cup)"]
[Site "Elsinore"]
[Date "2013.07.29"]
[Round "4"]
[White "Collareta, Giovanni"]
[Black "Marshall, Michael"]
[Result "1-0"]
[WhiteElo "2108"]
[BlackElo "1839"]
[PlyCount "109"]
[EventDate "2013.07.27"]
[EventType "swiss"]
[EventRounds "10"]
[EventCountry "DEN"]
[Source "ChessBase"]
[SourceDate "2013.08.26"]

1. c4 c5 2. Nf3 g6 3. g3 Bg7 4. Bg2 Nc6 5. O-O e5 6. Nc3 Nge7 7. d3 d6 8. a3
O-O 9. Rb1 a5 10. Bd2 h6 11. Ne1 Be6 12. Nd5 Rb8 13. Nc2 b5 14. b4 axb4 15.
axb4 bxc4 16. dxc4 cxb4 17. Ncxb4 Qd7 18. Nxc6 Nxc6 19. Bxh6 Rxb1 20. Qxb1 Nd4
21. Bxg7 Nxe2+ 22. Kh1 Kxg7 23. Qb2 Nd4 24. f4 f6 25. Ra1 Nc6 26. Ra6 Rb8 27.
Rb6 Rxb6 28. Qxb6 Qa7 29. Qc7+ Qxc7 30. Nxc7 Bd7 31. Nb5 Nd4 32. Nxd6 exf4 33.
gxf4 Bc6 34. Bxc6 Nxc6 35. Kg2 Kf8 36. h4 Ke7 37. Nb5 Kd7 38. Kf3 Na5 39. Na3
f5 40. Ke3 Nb3 41. Nb5 Ke7 42. Nd4 Nc5 43. Nc6+ Kf6 44. Ne5 Ne6 45. Nd3 Ke7 46.
Kd2 Kd6 47. Kc3 Kc7 48. c5 Kc8 49. Kc4 Kb7 50. Kd5 Nf8 51. Kd6 Kc8 52. Ne5 Kd8
53. c6 Kc8 54. Ke7 Nh7 55. Kf7 1-0

[Event "35t. Copenhagen Open (Politiken Cup)"]
[Site "Elsinore"]
[Date "2013.07.29"]
[Round "4"]
[White "Collins, Alan"]
[Black "Pettersen, Joar Gullestad"]
[Result "1/2-1/2"]
[WhiteElo "1740"]
[BlackElo "1944"]
[PlyCount "57"]
[EventDate "2013.07.27"]
[EventType "swiss"]
[EventRounds "10"]
[EventCountry "DEN"]
[Source "ChessBase"]
[SourceDate "2013.08.26"]

1. d4 e6 2. Nf3 f5 3. b3 Nf6 4. Bb2 d5 5. e3 Bd6 6. Nbd2 O-O 7. Bd3 b6 8. O-O
Bb7 9. Ne5 Nbd7 10. f4 Ne4 11. c4 Rc8 12. Rc1 c5 13. Qe2 Qe7 14. cxd5 exd5 15.
Nxd7 Qxd7 16. Nxe4 fxe4 17. Ba6 Bxa6 18. Qxa6 b5 19. Qa5 Be7 20. dxc5 Bxc5 21.
Qd2 d4 22. Bxd4 Bxd4 23. exd4 Qd5 24. Qe3 Rfd8 25. g3 a5 26. Rxc8 Rxc8 27. Rf2
b4 28. Re2 Kf7 29. Kf2 1/2-1/2

[Event "35t. Copenhagen Open (Politiken Cup)"]
[Site "Elsinore"]
[Date "2013.07.29"]
[Round "4"]
[White "Colpe, Malte"]
[Black "Smagin, Nikita"]
[Result "1-0"]
[WhiteElo "2311"]
[BlackElo "2081"]
[PlyCount "89"]
[EventDate "2013.07.27"]
[EventType "swiss"]
[EventRounds "10"]
[EventCountry "DEN"]
[Source "ChessBase"]
[SourceDate "2013.08.26"]

1. d4 Nf6 2. c4 g6 3. Nc3 Bg7 4. e4 d6 5. f4 O-O 6. Nf3 c5 7. d5 e6 8. Be2 exd5
9. cxd5 Bg4 10. O-O Nbd7 11. h3 Bxf3 12. Bxf3 Re8 13. g4 h6 14. Qc2 c4 15. Be3
Qa5 16. h4 h5 17. g5 Ng4 18. Bxg4 hxg4 19. e5 dxe5 20. f5 e4 21. f6 Bf8 22. h5
Bc5 23. Bxc5 Qxc5+ 24. Kh1 gxh5 25. Qh2 Qe3 26. Qxh5 Qh3+ 27. Qxh3 gxh3 28.
Rae1 Nc5 29. Kh2 Re5 30. Kxh3 Rxg5 31. Nxe4 Rh5+ 32. Kg4 Rxd5 33. Ng5 Rf8 34.
Re7 Rd7 35. Rf5 Rd4+ 36. Kh5 Nd7 37. Ne4 Rd8 38. Ng5 Rd5 39. Rf4 Nf8 40. Kh6
Ng6 41. Rxf7 Rxg5 42. Rg7+ Kf8 43. Rxg6 Rxg6+ 44. Kxg6 b5 45. Rh4 1-0

[Event "35t. Copenhagen Open (Politiken Cup)"]
[Site "Elsinore"]
[Date "2013.07.29"]
[Round "4"]
[White "Danielsen, Henrik"]
[Black "Arvola, Benjamin"]
[Result "1-0"]
[WhiteElo "2510"]
[BlackElo "2347"]
[PlyCount "149"]
[EventDate "2013.07.27"]
[EventType "swiss"]
[EventRounds "10"]
[EventCountry "DEN"]
[Source "ChessBase"]
[SourceDate "2013.08.26"]

1. e4 c5 2. d3 Nc6 3. c3 d5 4. Nd2 Nf6 5. Be2 g6 6. Ngf3 dxe4 7. dxe4 Bg7 8.
O-O O-O 9. Re1 b6 10. Qc2 Qc7 11. a4 Bb7 12. Nc4 Nd7 13. Bg5 Nde5 14. Nfxe5
Nxe5 15. Bf4 Nf3+ 16. Bxf3 Qxf4 17. Qc1 Qxc1 18. Rexc1 Rfd8 19. Rd1 Bc6 20. e5
Bxf3 21. gxf3 e6 22. Kg2 Rd5 23. f4 f6 24. Ne3 Rdd8 25. exf6 Bxf6 26. Kf3 Kf7
27. Ke4 Ke7 28. Nc4 Rab8 29. f3 Rbc8 30. Na3 Ra8 31. a5 Rxd1 32. Rxd1 Rb8 33.
axb6 axb6 34. Nc4 b5 35. Ne5 Bxe5 36. fxe5 Ra8 37. Rd6 Ra2 38. Rd2 g5 39. Rg2
h6 40. Ke3 Kf7 41. f4 g4 42. Rd2 Kg6 43. Rd6 Kf5 44. Rd7 Rxb2 45. Rf7+ Kg6 46.
Rf6+ Kg7 47. Rxe6 Rxh2 48. f5 Kf7 49. Kf4 h5 50. Rg6 Rf2+ 51. Ke4 b4 52. e6+
Ke7 53. cxb4 cxb4 54. Rg7+ Kd6 55. Rd7+ Kc6 56. Rd3 Re2+ 57. Kf4 Kc5 58. Kg5
Kc4 59. Rg3 Re5 60. Kf6 Re1 61. e7 b3 62. Rg1 Rxg1 63. e8=Q b2 64. Qe4+ Kb3 65.
Qe3+ Kc2 66. Qf2+ Kc1 67. Qxg1+ Kc2 68. Qc5+ Kd2 69. Qd4+ Kc2 70. Qc4+ Kd2 71.
Qb3 Kc1 72. Qc3+ Kb1 73. Kg5 g3 74. Qxg3 Ka2 75. Qf2 1-0

[Event "35t. Copenhagen Open (Politiken Cup)"]
[Site "Elsinore"]
[Date "2013.07.29"]
[Round "4"]
[White "Degerfeldt, Sven"]
[Black "Emborg, Jens"]
[Result "1-0"]
[WhiteElo "1921"]
[BlackElo "1618"]
[PlyCount "71"]
[EventDate "2013.07.27"]
[EventType "swiss"]
[EventRounds "10"]
[EventCountry "DEN"]
[Source "ChessBase"]
[SourceDate "2013.08.26"]

1. d4 d5 2. c4 e6 3. Nc3 Nf6 4. cxd5 exd5 5. Bg5 Be7 6. e3 O-O 7. Bd3 h6 8. Bh4
c6 9. Qc2 Re8 10. f3 Nbd7 11. Nge2 c5 12. O-O c4 13. Bf5 Nf8 14. e4 Bxf5 15.
exf5 a6 16. Bf2 Bd6 17. Qd2 Qc7 18. Bg3 Bxg3 19. hxg3 N8h7 20. Nf4 Rad8 21.
Rae1 Rxe1 22. Rxe1 Ng5 23. Kf2 Rd6 24. Re5 Qd7 25. g4 b5 26. a3 a5 27. Nd1 Qd8
28. Ne3 Nge4+ 29. fxe4 Nxe4+ 30. Rxe4 dxe4 31. d5 Qh4+ 32. Kg1 Qg3 33. Qf2
Qxf2+ 34. Kxf2 b4 35. Nxc4 bxa3 36. bxa3 1-0

[Event "35t. Copenhagen Open (Politiken Cup)"]
[Site "Elsinore"]
[Date "2013.07.29"]
[Round "4"]
[White "Egholm, Leif"]
[Black "Justinussen, Sigurd B"]
[Result "0-1"]
[WhiteElo "1793"]
[BlackElo "1970"]
[PlyCount "66"]
[EventDate "2013.07.27"]
[EventType "swiss"]
[EventRounds "10"]
[EventCountry "DEN"]
[Source "ChessBase"]
[SourceDate "2013.08.26"]

1. e4 c5 2. b4 e5 3. Nf3 Qc7 4. Bb2 Nc6 5. a3 Nd4 6. c3 Nxf3+ 7. Qxf3 Nf6 8. h3
b6 9. Bb5 Bb7 10. d3 Be7 11. Nd2 O-O 12. O-O d5 13. Rfd1 a6 14. Ba4 b5 15. Bc2
cxb4 16. axb4 d4 17. c4 Bxb4 18. Bb3 Bxd2 19. Rxd2 bxc4 20. Rc1 c3 21. Rdd1 Qd6
22. Ba1 Bc6 23. Qe2 Rab8 24. Qa2 Bd7 25. Bxc3 dxc3 26. Rxc3 Rb6 27. Rdc1 Be6
28. Bc4 Bxc4 29. Qxc4 h6 30. f3 Nh5 31. Kf2 Qf6 32. Qc7 Nf4 33. Kf1 Rb2 0-1

[Event "35t. Copenhagen Open (Politiken Cup)"]
[Site "Elsinore"]
[Date "2013.07.29"]
[Round "4"]
[White "Endresen, Ola Torstein"]
[Black "Nielsen, Jens Holm"]
[Result "0-1"]
[WhiteElo "1399"]
[BlackElo "1849"]
[PlyCount "76"]
[EventDate "2013.07.27"]
[EventType "swiss"]
[EventRounds "10"]
[EventCountry "DEN"]
[Source "ChessBase"]
[SourceDate "2013.08.26"]

1. d4 d5 2. Nc3 Nf6 3. Bg5 c5 4. e3 Qb6 5. Rb1 Nbd7 6. Nf3 e6 7. Bd3 h6 8. Bh4
Be7 9. O-O a6 10. Qd2 Qd8 11. Bg3 c4 12. Be2 b5 13. b4 Bb7 14. Ne5 Ne4 15. Nxe4
dxe4 16. c3 Nxe5 17. Bxe5 O-O 18. h3 a5 19. a3 axb4 20. axb4 f6 21. Bh2 e5 22.
Qb2 exd4 23. Rfd1 d3 24. Bf1 Qb6 25. g4 Ra4 26. Rd2 Rfa8 27. Qc1 Qa6 28. Bc7
Qc6 29. Ba5 Bd6 30. Ra1 Rxa1 31. Qxa1 Qe8 32. Qd1 Qe5 33. f4 exf3 34. Qe1 Qg3+
35. Qxg3 Bxg3 36. Rb2 Be1 37. Bxd3 cxd3 38. Kf1 Bxc3 0-1

[Event "35t. Copenhagen Open (Politiken Cup)"]
[Site "Elsinore"]
[Date "2013.07.29"]
[Round "4"]
[White "Eriksson, Christian Altenburg"]
[Black "Karlsson, Ulf"]
[Result "1-0"]
[WhiteElo "2143"]
[BlackElo "1973"]
[PlyCount "61"]
[EventDate "2013.07.27"]
[EventType "swiss"]
[EventRounds "10"]
[EventCountry "DEN"]
[Source "ChessBase"]
[SourceDate "2013.08.26"]

1. e4 c5 2. c3 g6 3. d4 cxd4 4. cxd4 d5 5. e5 Nc6 6. Nc3 Nh6 7. h3 Bg7 8. g4 f6
9. f4 O-O 10. Bg2 fxe5 11. fxe5 e6 12. Nf3 Nf7 13. O-O b5 14. Be3 Qb6 15. Qd2
a5 16. b3 Ba6 17. Rfd1 Rac8 18. Rac1 Qb8 19. h4 Nfxe5 20. Nxe5 Nxe5 21. dxe5
Qxe5 22. Ne2 Rxc1 23. Rxc1 b4 24. Re1 Qf6 25. g5 Qf5 26. Nd4 Qg4 27. Nxe6 Bc3
28. Qxd5 Rf5 29. Qd8+ Kf7 30. Qd7+ Kg8 31. Qe8+ 1-0

[Event "35t. Copenhagen Open (Politiken Cup)"]
[Site "Elsinore"]
[Date "2013.07.29"]
[Round "4"]
[White "Fossan, Andreas"]
[Black "Borg, Flemming"]
[Result "0-1"]
[WhiteElo "1622"]
[BlackElo "1855"]
[PlyCount "72"]
[EventDate "2013.07.27"]
[EventType "swiss"]
[EventRounds "10"]
[EventCountry "DEN"]
[Source "ChessBase"]
[SourceDate "2013.08.26"]

1. d4 Nf6 2. c4 d6 3. Nc3 Nbd7 4. e4 e5 5. d5 Nc5 6. f3 a5 7. Be3 b6 8. Qd2 Be7
9. Nh3 O-O 10. O-O-O Ne8 11. g4 g6 12. Qg2 Kh8 13. g5 f5 14. gxf6 Nxf6 15. Be2
Nh5 16. Rdg1 Nf4 17. Nxf4 exf4 18. Bf2 Bf6 19. h4 Bd7 20. Qh2 Qe7 21. Bf1 Qe5
22. Be1 Qd4 23. Qd2 Qe5 24. Bh3 Bxh3 25. Rxh3 a4 26. Rg4 a3 27. Kb1 axb2 28.
Qxf4 Nd3 29. Qxe5 Bxe5 30. Rg1 Nxe1 31. Rxe1 Bxc3 32. Rg1 Ra3 33. h5 g5 34. Kc2
Bf6 35. h6 Rxa2 36. Rg2 b1=Q+ 0-1

[Event "35t. Copenhagen Open (Politiken Cup)"]
[Site "Elsinore"]
[Date "2013.07.29"]
[Round "4"]
[White "Friedrich, Norbert"]
[Black "Bruun, Hendrik Emil"]
[Result "1-0"]
[WhiteElo "2305"]
[BlackElo "2078"]
[PlyCount "81"]
[EventDate "2013.07.27"]
[EventType "swiss"]
[EventRounds "10"]
[EventCountry "DEN"]
[Source "ChessBase"]
[SourceDate "2013.08.26"]

1. e4 d6 2. d4 Nf6 3. Nc3 g6 4. Nf3 Bg7 5. Be2 O-O 6. O-O c5 7. d5 Bg4 8. Nd2
Bxe2 9. Qxe2 Na6 10. Nc4 Nc7 11. a4 Rb8 12. Re1 e6 13. Bf4 Nfe8 14. dxe6 Nxe6
15. Nd5 Nxf4 16. Nxf4 Nc7 17. Rad1 Qg5 18. Nd5 Ne6 19. c3 Nf4 20. Nxf4 Qxf4 21.
g3 Qg5 22. Nxd6 h5 23. h4 Qe7 24. e5 Qe6 25. Qc4 Qxc4 26. Nxc4 Rfe8 27. Rd7 Bf8
28. Red1 Re7 29. Rxe7 Bxe7 30. Rd7 Kf8 31. Na5 Ke8 32. Rxb7 Rxb7 33. Nxb7 Kd7
34. Na5 g5 35. hxg5 Bxg5 36. f4 Bd8 37. Nc4 Kc6 38. Ne3 f6 39. e6 Kd6 40. f5
Ke5 41. c4 1-0

[Event "35t. Copenhagen Open (Politiken Cup)"]
[Site "Elsinore"]
[Date "2013.07.29"]
[Round "4"]
[White "Garberg, Tore"]
[Black "Thybo, Jesper Sondergaard"]
[Result "1-0"]
[WhiteElo "1914"]
[BlackElo "2097"]
[PlyCount "111"]
[EventDate "2013.07.27"]
[EventType "swiss"]
[EventRounds "10"]
[EventCountry "DEN"]
[Source "ChessBase"]
[SourceDate "2013.08.26"]

1. e4 e5 2. Nf3 Nc6 3. Bb5 f5 4. Nc3 fxe4 5. Nxe4 Nf6 6. Qe2 d5 7. Nxf6+ gxf6
8. d4 Bg7 9. O-O O-O 10. c3 Qd6 11. Rd1 Bf5 12. dxe5 Nxe5 13. Nxe5 fxe5 14.
Rxd5 Qg6 15. Bc4 Kh8 16. Rxe5 Bxe5 17. Qxe5+ Rf6 18. Be3 Raf8 19. Bd4 Bd7 20.
Qe7 Qg7 21. Qxg7+ Kxg7 22. Re1 Kg6 23. Bxf6 Kxf6 24. f3 h5 25. Kf2 Bf5 26. Bd5
c6 27. Be4 Be6 28. b3 a5 29. Rd1 Rg8 30. Rd2 Ke7 31. Ke3 Kf7 32. Kf4 Kf6 33. g3
Ke7 34. Ke3 Kf7 35. Rd4 Kf6 36. Bd3 Re8 37. Rf4+ Kg5 38. h4+ Kh6 39. Re4 Kg7
40. Bc4 Bd7 41. Rxe8 Bxe8 42. a3 c5 43. Bd5 b5 44. b4 cxb4 45. cxb4 axb4 46.
axb4 Kf6 47. Kd4 Bg6 48. Be4 Bf7 49. Kc5 Bc4 50. Bd5 Be2 51. Kd4 Kf5 52. Ke3
Bd1 53. Be4+ Ke5 54. Bd3 Ba4 55. Bg6 Kd5 56. Bf7+ 1-0

[Event "35t. Copenhagen Open (Politiken Cup)"]
[Site "Elsinore"]
[Date "2013.07.29"]
[Round "4"]
[White "Haldorsen, Benjamin"]
[Black "Rydstrom, Tom"]
[Result "1-0"]
[WhiteElo "1983"]
[BlackElo "2172"]
[PlyCount "91"]
[EventDate "2013.07.27"]
[EventType "swiss"]
[EventRounds "10"]
[EventCountry "DEN"]
[Source "ChessBase"]
[SourceDate "2013.08.26"]

1. e4 e5 2. Nf3 Nc6 3. Bb5 a6 4. Ba4 b5 5. Bb3 Bb7 6. d3 Bc5 7. c3 Nf6 8. O-O
d6 9. a4 h6 10. Nbd2 O-O 11. h3 Re8 12. Re1 Qd7 13. Nf1 d5 14. Ng3 Rad8 15.
axb5 axb5 16. Qe2 Bb6 17. Nh4 dxe4 18. dxe4 Qd3 19. Nhf5 Ne7 20. Nxe7+ Rxe7 21.
Rd1 Qxg3 22. Rxd8+ Kh7 23. Be3 Qg6 24. Bxb6 cxb6 25. Bd5 Nxe4 26. Bxb7 Rxb7 27.
Re1 Ng5 28. h4 Ne6 29. Rc8 Re7 30. h5 Qg5 31. Qd3+ g6 32. hxg6+ fxg6 33. Qd5
Qf5 34. Qxe5 Ng7 35. Qxe7 Qxc8 36. Qf6 Qg4 37. Qxb6 h5 38. Qxb5 Nf5 39. Qb7+
Kh6 40. Qe4 Qg5 41. Qe5 Qd2 42. b4 h4 43. b5 h3 44. g4 h2+ 45. Qxh2+ Kg5 46.
f4+ 1-0

[Event "35t. Copenhagen Open (Politiken Cup)"]
[Site "Elsinore"]
[Date "2013.07.29"]
[Round "4"]
[White "Hansen, Alex Mehr"]
[Black "Brorsen, Jacob Abildlund"]
[Result "0-1"]
[WhiteElo "1953"]
[BlackElo "2142"]
[PlyCount "70"]
[EventDate "2013.07.27"]
[EventType "swiss"]
[EventRounds "10"]
[EventCountry "DEN"]
[Source "ChessBase"]
[SourceDate "2013.08.26"]

1. e4 e5 2. Bc4 Nf6 3. d3 Nc6 4. Ne2 Na5 5. Nbc3 Bc5 6. h3 O-O 7. Bg5 c6 8. Qd2
b5 9. Bb3 d5 10. Bxd5 cxd5 11. Nxd5 Nc6 12. Bxf6 gxf6 13. Qh6 Be7 14. Ng3 Kh8
15. Nh5 Rg8 16. Nxe7 Qxe7 17. Nxf6 Rg7 18. Nxh7 Rg6 19. Qh5 Kg7 20. f4 exf4 21.
O-O Rh6 22. Qg5+ Kxh7 23. Qxf4 Be6 24. c3 Rg8 25. Kh2 Rh4 26. Qe3 Ne5 27. Kh1
Qd7 28. Rf4 Rh6 29. Qd4 Bxh3 30. Qxd7 Bxd7+ 31. Kg1 Bh3 32. Rf2 Nxd3 33. Rxf7+
Kh8 34. Rf3 Rxg2+ 35. Kh1 Rg8 0-1

[Event "35t. Copenhagen Open (Politiken Cup)"]
[Site "Elsinore"]
[Date "2013.07.29"]
[Round "4"]
[White "Hansen, Ib Lynaes"]
[Black "Sivaranjan, Aschmirthan"]
[Result "1-0"]
[WhiteElo "1895"]
[BlackElo "1583"]
[PlyCount "75"]
[EventDate "2013.07.27"]
[EventType "swiss"]
[EventRounds "10"]
[EventCountry "DEN"]
[Source "ChessBase"]
[SourceDate "2013.08.26"]

1. d4 Nf6 2. c4 g6 3. Nc3 Bg7 4. e4 d6 5. f4 e6 6. Nf3 Nbd7 7. Bd3 c5 8. d5 O-O
9. O-O Qe7 10. a4 Ne8 11. Ra3 Nb8 12. Qe1 f5 13. exf5 gxf5 14. dxe6 Qxe6 15.
Nd5 Qxe1 16. Rxe1 Nc6 17. Rxe8 Rxe8 18. Nc7 Bd7 19. Nxa8 Rxa8 20. Bd2 b6 21.
Bc3 a5 22. Bxg7 Kxg7 23. Kf2 Re8 24. Bb1 Nb4 25. Ne1 Kf6 26. Rh3 Kg7 27. b3 Re7
28. g4 fxg4 29. Rxh7+ Kf8 30. Rh6 Re6 31. Rxe6 Bxe6 32. f5 Bd7 33. Kg3 Nc6 34.
Kxg4 Nd4 35. Bc2 Kg7 36. Kg5 Nxc2 37. Nxc2 Bc6 38. Ne3 1-0

[Event "35t. Copenhagen Open (Politiken Cup)"]
[Site "Elsinore"]
[Date "2013.07.29"]
[Round "4"]
[White "Hansen, Morten Moller"]
[Black "Hanssen, Johnny"]
[Result "1/2-1/2"]
[WhiteElo "2126"]
[BlackElo "1879"]
[PlyCount "55"]
[EventDate "2013.07.27"]
[EventType "swiss"]
[EventRounds "10"]
[EventCountry "DEN"]
[Source "ChessBase"]
[SourceDate "2013.08.26"]

1. d4 g6 2. e4 Bg7 3. f4 d6 4. Nf3 c6 5. c3 e6 6. Bd3 Ne7 7. O-O b6 8. Qe2 O-O
9. Na3 a5 10. Bd2 Ba6 11. Nc4 b5 12. Ne3 d5 13. exd5 Nxd5 14. Ng4 b4 15. Nge5
Bxd3 16. Qxd3 Qc7 17. c4 Ne7 18. a3 Na6 19. axb4 Nxb4 20. Bxb4 axb4 21. Ng5
Rxa1 22. Rxa1 c5 23. Qh3 h6 24. Nxe6 fxe6 25. Qxe6+ Kh7 26. d5 Rf6 27. Qg4 h5
28. Qd1 1/2-1/2

[Event "35t. Copenhagen Open (Politiken Cup)"]
[Site "Elsinore"]
[Date "2013.07.29"]
[Round "4"]
[White "Hansen, Rasmus Agertoft"]
[Black "Torgersen, Markus"]
[Result "1-0"]
[WhiteElo "1945"]
[BlackElo "1737"]
[PlyCount "39"]
[EventDate "2013.07.27"]
[EventType "swiss"]
[EventRounds "10"]
[EventCountry "DEN"]
[Source "ChessBase"]
[SourceDate "2013.08.26"]

1. e4 c6 2. d4 d5 3. e5 Bf5 4. Nf3 e6 5. Be2 c5 6. O-O Nd7 7. c4 dxc4 8. Bxc4
cxd4 9. Nxd4 Bxb1 10. Rxb1 Nxe5 11. Bb5+ Nd7 12. Qb3 Ngf6 13. Bg5 Qb6 14. Bxf6
gxf6 15. Rbd1 O-O-O 16. a4 Nc5 17. Qf3 Be7 18. b4 Nxa4 19. Bxa4 Rxd4 20. Qc3+
1-0

[Event "35t. Copenhagen Open (Politiken Cup)"]
[Site "Elsinore"]
[Date "2013.07.29"]
[Round "4"]
[White "Hansen, Sune Berg"]
[Black "Soors, Stef"]
[Result "1-0"]
[WhiteElo "2549"]
[BlackElo "2405"]
[PlyCount "51"]
[EventDate "2013.07.27"]
[EventType "swiss"]
[EventRounds "10"]
[EventCountry "DEN"]
[Source "ChessBase"]
[SourceDate "2013.08.26"]

1. Nf3 Nf6 2. g3 e6 3. Bg2 c5 4. O-O Be7 5. c4 a6 6. Nc3 Qc7 7. e4 d6 8. d4
cxd4 9. Nxd4 O-O 10. Be3 Rd8 11. Rc1 Nbd7 12. f4 Nf8 13. g4 h6 14. g5 hxg5 15.
fxg5 N6d7 16. Rf3 Ne5 17. Rh3 Neg6 18. Qh5 Re8 19. Nce2 Qd8 20. Rf1 Bd7 21. e5
dxe5 22. Be4 f5 23. gxf6 Bxf6 24. Bxg6 Nxg6 25. Qxg6 exd4 26. Bg5 1-0

[Event "35t. Copenhagen Open (Politiken Cup)"]
[Site "Elsinore"]
[Date "2013.07.29"]
[Round "4"]
[White "Hansen, Tommy"]
[Black "Greeuw, Sietske"]
[Result "0-1"]
[WhiteElo "1804"]
[BlackElo "1971"]
[PlyCount "78"]
[EventDate "2013.07.27"]
[EventType "swiss"]
[EventRounds "10"]
[EventCountry "DEN"]
[Source "ChessBase"]
[SourceDate "2013.08.26"]

1. e4 c5 2. Nf3 Nc6 3. d4 cxd4 4. Nxd4 g6 5. Nc3 Bg7 6. Be3 Nf6 7. Nxc6 bxc6 8.
e5 Ng8 9. f4 Nh6 10. Bd3 d5 11. exd6 exd6 12. Qf3 O-O 13. O-O d5 14. Bd2 Bd4+
15. Kh1 Ng4 16. h3 Nh6 17. g4 f5 18. g5 Nf7 19. Rae1 Rb8 20. Na4 Nd6 21. c3 Ne4
22. Be3 Bxe3 23. Qxe3 Qd6 24. b4 Bd7 25. Kg2 Rbe8 26. Qd4 a5 27. Nb6 axb4 28.
Nxd7 Qxd7 29. cxb4 Ra8 30. Re2 Qa7 31. Qxa7 Rxa7 32. Rc2 Ra3 33. Rf3 Rfa8 34.
Rxc6 Rxa2+ 35. Rc2 Rxc2+ 36. Bxc2 Ra2 37. Rb3 Rxc2+ 38. Kf3 d4 39. b5 Rf2# 0-1

[Event "35t. Copenhagen Open (Politiken Cup)"]
[Site "Elsinore"]
[Date "2013.07.29"]
[Round "4"]
[White "Hedin, Niclas"]
[Black "Wadtland, Flemming"]
[Result "1-0"]
[WhiteElo "1969"]
[BlackElo "1585"]
[PlyCount "45"]
[EventDate "2013.07.27"]
[EventType "swiss"]
[EventRounds "10"]
[EventCountry "DEN"]
[Source "ChessBase"]
[SourceDate "2013.08.26"]

1. d4 e6 2. c4 Nf6 3. Nc3 Bb4 4. Qc2 c5 5. dxc5 Bxc5 6. Nf3 b6 7. Bg5 Nc6 8. e3
h6 9. Bf4 Bb4 10. O-O-O Bxc3 11. Qxc3 O-O 12. Bd3 Re8 13. Rhg1 Bb7 14. Kb1 a5
15. Ne5 Nxe5 16. Bxe5 Rc8 17. g4 d5 18. g5 Ne4 19. Bxe4 Rxc4 20. gxh6 Rxe4 21.
Rxg7+ Kf8 22. Bf6 Re7 23. h7 1-0

[Event "35t. Copenhagen Open (Politiken Cup)"]
[Site "Elsinore"]
[Date "2013.07.29"]
[Round "4"]
[White "Henninger, Holger"]
[Black "Ranby, Hans"]
[Result "1/2-1/2"]
[WhiteElo "1759"]
[BlackElo "1958"]
[PlyCount "61"]
[EventDate "2013.07.27"]
[EventType "swiss"]
[EventRounds "10"]
[EventCountry "DEN"]
[Source "ChessBase"]
[SourceDate "2013.08.26"]

1. e4 b6 2. d4 Bb7 3. Bd3 Nf6 4. Qe2 e6 5. f4 c5 6. c3 cxd4 7. cxd4 Bb4+ 8. Nc3
d6 9. Nf3 Nbd7 10. O-O Bxc3 11. bxc3 Rc8 12. c4 Qc7 13. e5 Ng8 14. Ba3 d5 15.
cxd5 Bxd5 16. Rac1 Qb8 17. Bd6 Qa8 18. Ba6 Bb7 19. Rxc8+ Qxc8 20. Bb5 Ne7 21.
Qd2 Nd5 22. Rc1 Qa8 23. Ne1 a6 24. Ba4 b5 25. Bb3 N7b6 26. Nd3 f5 27. Nc5 Kf7
28. Nxb7 Qxb7 29. Bxd5 Nxd5 30. g3 Rc8 31. Rxc8 1/2-1/2

[Event "35t. Copenhagen Open (Politiken Cup)"]
[Site "Elsinore"]
[Date "2013.07.29"]
[Round "4"]
[White "Henriksen, Geir Ivar"]
[Black "Petersen, Martin Reib"]
[Result "1/2-1/2"]
[WhiteElo "2215"]
[BlackElo "2009"]
[PlyCount "69"]
[EventDate "2013.07.27"]
[EventType "swiss"]
[EventRounds "10"]
[EventCountry "DEN"]
[Source "ChessBase"]
[SourceDate "2013.08.26"]

1. c4 e5 2. g3 d5 3. cxd5 c6 4. dxc6 Nxc6 5. Nc3 Nf6 6. Nf3 Bc5 7. Bg2 Bf5 8.
O-O O-O 9. d3 Qe7 10. Bg5 Rfd8 11. Nd2 Qe6 12. Nde4 Be7 13. Nxf6+ gxf6 14. Be3
Bh3 15. Qb3 Qxb3 16. axb3 Be6 17. Nb5 Bxb3 18. Nxa7 Nd4 19. Bxd4 Rxd4 20. Bxb7
Rb8 21. Bf3 Ba4 22. Ra2 Bc5 23. Nc6 Bxc6 24. Bxc6 Rdb4 25. Rc1 Bd4 26. Bd5 Rxb2
27. Rc7 Rxa2 28. Bxf7+ Kh8 29. Bxa2 Rb2 30. e3 Bxe3 31. fxe3 Rxa2 32. d4 exd4
33. exd4 Rd2 34. Rd7 Kg8 35. g4 1/2-1/2

[Event "35t. Copenhagen Open (Politiken Cup)"]
[Site "Elsinore"]
[Date "2013.07.29"]
[Round "4"]
[White "Hinrichs, Lars"]
[Black "Evertsson, Lennart"]
[Result "1/2-1/2"]
[WhiteElo "1997"]
[BlackElo "2200"]
[PlyCount "96"]
[EventDate "2013.07.27"]
[EventType "swiss"]
[EventRounds "10"]
[EventCountry "DEN"]
[Source "ChessBase"]
[SourceDate "2013.08.26"]

1. e4 c5 2. Nf3 e6 3. g3 Nf6 4. Qe2 Nc6 5. Bg2 Be7 6. O-O d5 7. d3 O-O 8. e5
Nd7 9. c4 f6 10. exf6 Nxf6 11. Bh3 e5 12. Bxc8 Rxc8 13. Nxe5 Nd4 14. Qd1 dxc4
15. dxc4 Ne4 16. Nc3 Nd6 17. f4 Bf6 18. b3 Re8 19. Qh5 g6 20. Qg4 N6f5 21. Nd5
Bg7 22. Bd2 Re6 23. Kg2 Rd6 24. h4 Nc2 25. Rae1 b5 26. h5 Rxd5 27. cxd5 Qxd5+
28. Nf3 gxh5 29. Qg5 Nxe1+ 30. Rxe1 h6 31. Qg6 Kh8 32. Kh3 Qxf3 33. Qxf5 Rf8
34. Qg6 Rg8 35. f5 Qg4+ 36. Qxg4 hxg4+ 37. Kh4 Bf6+ 38. Kh5 Kg7 39. Kxg4 Kf7+
40. Kf3 h5 41. Rc1 Rc8 42. g4 hxg4+ 43. Kxg4 c4 44. bxc4 bxc4 45. Bc3 Bd8 46.
Rh1 Bf6 47. Rh7+ Kg8 48. Rh3 Bxc3 1/2-1/2